Juventud desamparada (Registro nro. 768794)

Detalles MARC
001 - NÚMERO DE CONTROL
campo de control 1471721
005 - FECHA Y HORA DE LA ÚLTIMA TRANSACCIÓN
campo de control 20260508092157.0
008 - DATOS DE LONGITUD FIJA--INFORMACIÓN GENERAL
campo de control de longitud fija 170823s2006 spa
020 ## - NÚMERO INTERNACIONAL ESTÁNDAR DEL LIBRO
Número Internacional Estándar del Libro 9788497841320
035 ## - NÚMERO DE CONTROL DEL SISTEMA
Número de control de sistema 1471721
040 ## - FUENTE DE LA CATALOGACIÓN
Centro/agencia transcriptor comduadb
041 ## - CÓDIGO DE LENGUA
Código de lengua del texto/banda sonora o título independiente spa
082 #4 - NÚMERO DE LA CLASIFICACIÓN DECIMAL DEWEY
Número de clasificación 155
100 10 - ENTRADA PRINCIPAL--NOMBRE DE PERSONA
Nombre de persona Aichhorn, August
Código de función aut
Término indicativo de función/relación Autor/a
9 (RLIN) 667369
245 10 - MENCIÓN DE TÍTULO
Título Juventud desamparada
260 ## - PUBLICACIÓN, DISTRIBUCIÓN, ETC.
Lugar de publicación, distribución, etc. Barcelona :
Nombre del editor, distribuidor, etc. Editorial Gedisa,
Fecha de publicación, distribución, etc. 2006.
300 ## - DESCRIPCIÓN FÍSICA
Extensión 191 páginas
490 0# - MENCIÓN DE SERIE
Mención de serie Biblioteca de Educación : Pedagogía Social y Trabajo Social ;
Designación de volumen o secuencia 8
505 ## - NOTA DE CONTENIDO CON FORMATO
Nota de contenido con formato CONTENIDO : Introducción. -- El análisis de un síntoma. -- Algunas causas de delincuencia. -- Algunas causas de delincuencia (continuación). -- Principales causas de delincuencia. -- La transferencia. -- La escuela-reformatorio. -- El grupo agresivo. -- Significado del principio de la realidad en el comportamiento social. -- Significado del Ideal del Yo en el comportamiento social.
520 3# - SUMARIO, ETC.
Sumario, etc. RESUMEN: "La obra de August Aichhorn, se convirtió en referencia indiscutida sobre el psicoanálisis aplicado a la educación. A partir de su trabajo en los Tribunales de Menores de Viena, donde comenzó a preocuparse por los problemas de los jóvenes delincuentes, Aichhorn propone una lectura diferente sobre este tipo de comportamiento, que guarda semejanzas con los síntomas neuróticos. Juventud desamparada fue planteado por su autor como una ayuda para que el educador pudiera reconocer en las manifestaciones sintomáticas (transgresiones, actos delictivos, etcétera) los motivos inconscientes de tales comportamientos y, de este modo, poder encontrar los medios para resolverlos y, con ellos, devolver al sujeto la conformidad social."
650 #7 - PUNTO DE ACCESO ADICIONAL DE MATERIA--TÉRMINO DE MATERIA
Término de materia o nombre geográfico como elemento de entrada Psicología del adolescente
Fuente del encabezamiento o término lemb
9 (RLIN) 31974
650 ## - PUNTO DE ACCESO ADICIONAL DE MATERIA--TÉRMINO DE MATERIA
Término de materia o nombre geográfico como elemento de entrada Psicoanálisis del adolescente
9 (RLIN) 51773
650 ## - PUNTO DE ACCESO ADICIONAL DE MATERIA--TÉRMINO DE MATERIA
Término de materia o nombre geográfico como elemento de entrada Comportamiento social
9 (RLIN) 4602
650 ## - PUNTO DE ACCESO ADICIONAL DE MATERIA--TÉRMINO DE MATERIA
Término de materia o nombre geográfico como elemento de entrada Rehabilitacion de delincuentes juveniles
9 (RLIN) 3794
650 #7 - PUNTO DE ACCESO ADICIONAL DE MATERIA--TÉRMINO DE MATERIA
Término de materia o nombre geográfico como elemento de entrada Delincuencia juvenil
Fuente del encabezamiento o término lemb
9 (RLIN) 860112
700 10 - ENTRADA AGREGADA--NOMBRE PERSONAL
Nombre de persona Freud, Sigmund,
Fechas asociadas al nombre 1856-1939
Código de función aui
Número de control del registro de autoridad o número normalizado (isni)0000000121272193
-- (viaf)34456780
Término indicativo de función/relación Escritor/a de prólogo
9 (RLIN) 470250
700 10 - ENTRADA AGREGADA--NOMBRE PERSONAL
Nombre de persona Tizio, Hebe
Código de función aui
Término indicativo de función/relación Escritor/a de prólogo
9 (RLIN) 346364
700 10 - ENTRADA AGREGADA--NOMBRE PERSONAL
Nombre de persona Eissler, Kurt Robert
Código de función aui
Término indicativo de función/relación Escritor/a de prólogo
9 (RLIN) 530315
700 10 - ENTRADA AGREGADA--NOMBRE PERSONAL
Nombre de persona Portillo, R. del
Código de función trl
Término indicativo de función/relación Traductor/a
9 (RLIN) 631943
942 ## - ELEMENTOS DE ENTRADA AGREGADA (KOHA)
Tipo de ítem Koha Libros
Existencias
Estado de retiro Estado de pérdida Estado dañado No para préstamo Código de colección Localización permanente Ubicación/localización actual Fecha de adquisición Fuente de adquisición Coste, precio normal de compra Número de inventario Total de préstamos Signatura topográfica completa Código de barras Fecha visto por última vez Fecha del último préstamo Número de copia Precio válido a partir de Tipo de ítem Koha
        Colección General Piso 2 Biblioteca Carlos Gaviria Díaz, Campus Medellín Biblioteca Carlos Gaviria Díaz, Campus Medellín 23/08/2017 Buscalibre 66852.00 C1266886 1 155.5 A288 1038121 03/05/2024 07/09/2023 1 04/05/2023 Libros